zpět

Detail výsledku týmu

Tenis Pub Lužánky, Brno

Datum a čas kvízu

31 Celkem bodů Celkový počet nahraných bodů na tomto kvízu bez doplňovacích otázek.
4. Pořadí na kvízu Konečné umístění týmu na tomto kvízu.

Zaznamenané odpovědi

# Otázka Odpověď Body Výsledky
1. V pondělí jsme si připomněli D... Jan Cina 1
2. Minulý týden média informovala... v Chorvatsku 0
3. V pátek proběhlo slavnostní vy... Vladimír Mišík 1
4. Relativně málo známý Portrét E... Gustav Klimt 1
5. Americký prezident Donald Trum... s Cristianem Ronaldem 1
6. Za půl bodu uveďte název ameri... Bratrstvo neohrožených/Band of Brothers; Richard „Dick“ Winters 0
7. Seřaďte následující vojenské h... 1D 2A 3C 4B 1
8. Po půl bodu uveďte jméno inter... Karel Kryl; Píseň neznámého vojína 0.5
9. Uveďte jméno zobrazeného česko... Alois Eliáš 1
10. Ve kterém satirickém románu vy... Hlava XXII (Catch-22) 1